Normal view MARC view

Entry Personal Name

Number of records used in: 1

001 - CONTROL NUMBER

  • control field: 1183445

003 - CONTROL NUMBER IDENTIFIER

  • control field: OSt

005 - DATE AND TIME OF LATEST TRANSACTION

  • control field: 20260324130906.0

008 - FIXED-LENGTH DATA ELEMENTS

  • fixed length control field: 260324|| aca||aabn | a|a d

040 ## - CATALOGING SOURCE

  • Original cataloging agency: OSt
  • Transcribing agency: OSt

100 ## - HEADING--PERSONAL NAME

  • Personal name: Luca Leuzzi; Th. M Nieuwenhuizen

670 ## - SOURCE DATA FOUND

  • Source citation: Work cat.: (OSt)1780113: Luca Leuzzi; Th. M Nieuwenhuizen, Thermodynamics of the Glassy State
Copyright @ Delhi University Library System